| 000 | 00876cab a2200253 4500 | ||
|---|---|---|---|
| 001 | ABS60391 | ||
| 008 | 090401t1999 xxu||||| |||| 00| 0 eng d | ||
| 035 | _a(Sirsi) u92921 | ||
| 041 | _aeng | ||
| 245 | _aConditional fees and section 65 of the Arbitration Act 1996 | ||
| 260 | _c1999 | ||
| 350 | _a0 | ||
| 490 |
_aNew Law Journal _v149 (6883) 9 April 1999, 530-531(2) |
||
| 650 | _aARBITRATION ACT 1996 S65 | ||
| 650 | _aMANAGEMENT-DISPUTE AVOIDANCE, MANAGEMENT AND RESOLUTION-DISPUTE MANAGEMENT AND RESOLUTION-ARBITRATION | ||
| 650 | _aBEVAN ASHFORD (A FIRM) V GEOFF YEANDLE (CONTRACTORS) LTD (IN LIQ) | ||
| 650 | _aCHAMPERTY | ||
| 650 | _aCONDITIONAL FEES | ||
| 650 | _aCOSTS | ||
| 650 | _aLITIGATION | ||
| 690 | _aMANAGEMENT-DISPUTE AVOIDANCE, MANAGEMENT AND RESOLUTION-DISPUTE MANAGEMENT AND RESOLUTION-ARBITRATION | ||
| 942 | _n0 | ||
| 948 | _c21/04/1999 | ||
| 999 |
_c58886 _d58886 |
||